[Event "Gibraltar Amateur op-B"]
[Site "Caleta"]
[Date "2018.01.28"]
[Round "2"]
[White "Kympergr, Vojtech"]
[Black "Melgar Guerrero, Salvador"]
[Result "0-1"]
[WhiteElo "1468"]
[BlackElo "1713"]
[PlyCount "100"]
[EventDate "2018.01.27"]
[EventType "swiss"]
[EventRounds "5"]
[EventCountry "GGB"]
[SourceTitle "EXT 2019"]
[Source "ChessBase"]
[SourceDate "2018.10.10"]
[SourceVersion "1"]
[SourceVersionDate "2018.10.10"]
[SourceQuality "1"]

1. e4 c5 2. Nf3 d6 3. d4 cxd4 4. Nxd4 Nf6 5. Nc3 g6 6. Bb5+ Bd7 7. Bxd7+ Nbxd7 8. 0-0 a6 9. a4 Bg7 10. Nf3 0-0 11. a5 Rc8 12. Re1 Rc5 13. Bd2 Rxa5 14. Rxa5 Qxa5 15. Nd5 Qd8 16. Bg5 h6 17. Nxf6+ Nxf6 18. Bxf6 Bxf6 19. b3 Qa5 20. Re2 Rc8 21. g3 Qc3 22. Kg2 Qc5 23. h4 Qa5 24. Qd2 Qa2 25. Qc1 Qxb3 26. Qd2 Qb5 27. Ng1 Kh7 28. f4 Rc5 29. Kh3 Qd7+ 30. g4 Rc3+ 31. Re3 Rxe3+ 32. Qxe3 Qa4 33. Qd3 Qd4 34. Qxd4 Bxd4 35. Ne2 Bg7 36. Nc1 a5 37. c4 a4 38. Kg3 Bb2 39. Na2 Kg7 40. h5 g5 41. f5 Kf6 42. Nb4 a3 43. Kf3 Bc1 44. Ke2 Bb2 45. Kd2 Ke5 46. Ke3 Bc1+ 47. Kd3 Kf4 48. Kc2 Bb2 49. Nd3+ Kxg4 50. Nxb2 a2 0-1

[Event "Gibraltar Amateur op-A"]
[Site "Caleta"]
[Date "2018.01.26"]
[Round "5"]
[White "Kympergr, Vojtech"]
[Black "Sagar, Siya"]
[Result "0-1"]
[WhiteElo "1468"]
[BlackElo "1199"]
[PlyCount "94"]
[EventDate "2018.01.22"]
[EventType "swiss"]
[EventRounds "5"]
[EventCountry "GGB"]
[SourceTitle "EXT 2019"]
[Source "ChessBase"]
[SourceDate "2018.10.10"]
[SourceVersion "1"]
[SourceVersionDate "2018.10.10"]
[SourceQuality "1"]

1. e4 e5 2. Nf3 Nc6 3. d4 exd4 4. Bc4 Bc5 5. c3 Nf6 6. e5 d5 7. Bb5 Ne4 8. Nxd4 Bd7 9. 0-0 0-0 10. Bxc6 bxc6 11. Be3 Bb6 12. Nd2 Nxd2 13. Qxd2 Qe7 14. Nf3 Bg4 15. Nd4 c5 16. Ne2 Qxe5 17. Nf4 d4 18. cxd4 cxd4 19. Nd3 dxe3 20. Nxe5 exd2 21. Nxg4 Rfe8 22. Rfd1 Rad8 23. Kf1 f5 24. Ne3 Bxe3 25. fxe3 Rxe3 26. Kf2 f4 27. b4 g5 28. Rab1 Kf7 29. Rb2 Red3 30. Ke2 Ke6 31. Rdxd2 Rxd2+ 32. Rxd2 Rxd2+ 33. Kxd2 Ke5 34. Kd3 Kd5 35. a3 h5 36. h3 g4 37. h4 f3 38. gxf3 gxf3 39. Ke3 Kc4 40. Kxf3 Kb3 41. Kf4 Kxa3 42. b5 Kb4 43. Kg5 Kxb5 44. Kxh5 a5 45. Kg4 a4 46. h5 a3 47. h6 a2 0-1

[Event "Valasska Bystrice op"]
[Site "Valasska Bystrice"]
[Date "2017.09.10"]
[Round "3"]
[White "Janik, Miroslav"]
[Black "Kympergr, Vojtech"]
[Result "1-0"]
[WhiteElo "1659"]
[BlackElo "1476"]
[PlyCount "81"]
[EventDate "2017.09.09"]
[EventType "swiss"]
[EventRounds "9"]
[EventCountry "CZE"]
[SourceTitle "CBM 180 Extra"]
[Source "ChessBase"]
[SourceDate "2017.10.06"]
[SourceVersion "1"]
[SourceVersionDate "2017.10.06"]
[SourceQuality "1"]

1. d4 Nf6 2. Nf3 g6 3. Bf4 d6 4. Nbd2 Bg7 5. e4 Bg4 6. c3 0-0 7. Qc2 Nc6 8. h3 Bd7 9. Bb5 Nh5 10. Bg5 a6 11. Bc4 b5 12. Bd3 b4 13. g4 Nf6 14. c4 h6 15. Be3 a5 16. b3 e5 17. d5 Ne7 18. c5 a4 19. Rc1 a3 20. Nc4 Bb5 21. Qd2 Bxc4 22. Rxc4 c6 23. cxd6 Qxd6 24. Bc5 Qd7 25. Nxe5 Qc8 26. Bxe7 Re8 27. Rxc6 Qb8 28. Bxf6 Rxe5 29. Bxg7 Kxg7 30. f4 Re8 31. 0-0 Qa7+ 32. Kg2 Qd4 33. Rc4 Qb2 34. Rf2 Qf6 35. Rxb4 Rec8 36. Bc4 Qe7 37. e5 Qh4 38. d6 Rd8 39. Rb7 Rf8 40. Qd4 Kg8 41. e6 1-0

[Event "Plzen op 8th"]
[Site "Plzen"]
[Date "2016.10.13"]
[Round "5"]
[White "Thierry, Rein DJ"]
[Black "Kympergr, Vojtech"]
[Result "1-0"]
[WhiteElo "1661"]
[BlackElo "1509"]
[PlyCount "77"]
[EventDate "2016.10.09"]
[EventType "swiss"]
[EventRounds "7"]
[EventCountry "CZE"]
[SourceTitle "EXT 2017"]
[Source "ChessBase"]
[SourceDate "2016.10.25"]
[SourceVersion "1"]
[SourceVersionDate "2016.10.25"]
[SourceQuality "1"]

1. d4 Nf6 2. Nf3 g6 3. Bf4 Bg7 4. e3 0-0 5. Nbd2 d6 6. c3 Bg4 7. Be2 Re8 8. Qb3 b6 9. Ng5 Rf8 10. Bxg4 Nxg4 11. Ne6 fxe6 12. Qxe6+ Rf7 13. Qxg4 e5 14. Bg5 Qf8 15. 0-0 exd4 16. exd4 Nd7 17. Rae1 Bh6 18. Nf3 Bxg5 19. Nxg5 Nf6 20. Qe6 Rd8 21. Qxf7+ Qxf7 22. Nxf7 Kxf7 23. Re2 Nd5 24. g3 b5 25. Rfe1 a5 26. a3 a4 27. f4 Kf6 28. Kf2 Kf7 29. Kf3 Rd7 30. h3 Kg7 31. h4 h5 32. Ke4 Nf6+ 33. Kd3 d5 34. Re7+ Kf8 35. Rxd7 Nxd7 36. Re6 Kf7 37. Rc6 Nb6 38. Rxc7+ Kf8 39. Rc5 1-0

[Event "Teplice op 10th"]
[Site "Teplice"]
[Date "2015.06.18"]
[Round "6"]
[White "Kympergr, Vojtech"]
[Black "Palas, Ales"]
[Result "1/2-1/2"]
[WhiteElo "1462"]
[BlackElo "1947"]
[PlyCount "158"]
[EventDate "2015.06.13"]
[EventType "swiss"]
[EventRounds "9"]
[EventCountry "CZE"]
[SourceTitle "EXT 2017"]
[Source "ChessBase"]
[SourceDate "2016.10.25"]
[SourceVersion "1"]
[SourceVersionDate "2016.10.25"]
[SourceQuality "1"]

1. e4 c5 2. Nf3 d6 3. g3 Nf6 4. d3 Nc6 5. Bg2 e6 6. Bg5 Be7 7. 0-0 0-0 8. Re1 Qc7 9. Nbd2 Re8 10. c3 h6 11. Bf4 e5 12. Be3 Ng4 13. Rc1 Nxe3 14. Rxe3 f5 15. exf5 Bxf5 16. Nf1 Kh8 17. Re1 Bf6 18. Ne3 Be6 19. b3 Rad8 20. Nd2 d5 21. Qh5 Qd7 22. Qd1 d4 23. Nec4 dxc3 24. Ne4 Be7 25. Rxc3 b5 26. Ne3 c4 27. dxc4 Bb4 28. Qxd7 Bxd7 29. cxb5 Nd4 30. Rcc1 Bxe1 31. Rxe1 Bxb5 32. Nc3 Bc6 33. Nc4 Bxg2 34. Kxg2 Nc6 35. Nb5 Kg8 36. a3 Rd3 37. b4 Kf8 38. Rc1 a6 39. Nc7 Rc8 40. Nxa6 Rd5 41. Nb6 Rdd8 42. Nxc8 Rxc8 43. b5 Ne7 44. Rxc8+ Nxc8 45. Nc5 Ke7 46. a4 Kd6 47. Nd3 e4 48. Nb2 Kc5 49. f4 Kb4 50. Kf2 Kb3 51. Nd1 Kxa4 52. Nc3+ Kb4 53. Nxe4 Kxb5 54. Ke3 Kc4 55. h4 Kd5 56. g4 Ne7 57. Nc3+ Ke6 58. Ke4 g6 59. Ne2 Kf6 60. Nc3 Ke6 61. Nb5 Kf6 62. Nd4 Ng8 63. Nf3 Ke6 64. g5 hxg5 65. hxg5 Ne7 66. Nd4+ Kf7 67. Ke5 Nc8 68. Nc6 Nb6 69. Kd6 Nc4+ 70. Kc5 Ne3 71. Ne5+ Kg7 72. Kc6 Nf5 73. Kd7 Nh4 74. Ke6 Nf5 75. Nxg6 Kxg6 76. Ke5 Ne7 77. Ke4 Nf5 78. Kf3 Nd6 79. Kg4 Nf5 1/2-1/2

[Event "Teplice op 10th"]
[Site "Teplice"]
[Date "2015.06.13"]
[Round "1"]
[White "Nielsen, Niels Peter"]
[Black "Kympergr, Vojtech"]
[Result "1-0"]
[WhiteElo "2124"]
[BlackElo "1462"]
[PlyCount "63"]
[EventDate "2015.06.13"]
[EventType "swiss"]
[EventRounds "9"]
[EventCountry "CZE"]
[SourceTitle "EXT 2017"]
[Source "ChessBase"]
[SourceDate "2016.10.25"]
[SourceVersion "1"]
[SourceVersionDate "2016.10.25"]
[SourceQuality "1"]

1. e4 e5 2. Nc3 c6 3. Nf3 d6 4. g3 Bg4 5. h3 Bh5 6. Bg2 h6 7. d4 exd4 8. Qxd4 Qf6 9. Qe3 Bxf3 10. Bxf3 Nd7 11. Bg2 Be7 12. b3 Qg5 13. f4 Qc5 14. Qxc5 Nxc5 15. Be3 Bf6 16. Bd2 Kd7 17. 0-0-0 Re8 18. e5 Be7 19. Be3 b6 20. Bxc5 bxc5 21. exd6 Bf6 22. Ne4 Bd4 23. Rhe1 f5 24. Rxd4 fxe4 25. Ra4 Ra8 26. Bxe4 Nf6 27. Bf5+ Kxd6 28. Ra6 Rhb8 29. Re6+ Kd5 30. Raxc6 Rd8 31. c4+ Kd4 32. Kd2 1-0

[Event "Piestany op"]
[Site "Piestany"]
[Date "2013.11.22"]
[Round "6"]
[White "Dubnicka, Ferdinand"]
[Black "Kympergr, Vojtech"]
[Result "0-1"]
[WhiteElo "1000"]
[BlackElo "1582"]
[PlyCount "76"]
[EventDate "2013.11.18"]
[EventType "swiss"]
[EventRounds "7"]
[EventCountry "SVK"]
[SourceTitle "CBM 157 Extra"]
[Source "ChessBase"]
[SourceDate "2013.12.19"]
[SourceVersion "1"]
[SourceVersionDate "2013.12.19"]
[SourceQuality "1"]

1. e4 c5 2. Nc3 d6 3. Bc4 Nf6 4. Nf3 h6 5. 0-0 Bg4 6. Nd5 Nxe4 7. Re1 Ng5 8. Be2 Nc6 9. Nxg5 Bxe2 10. Qxe2 hxg5 11. d3 Nd4 12. Qd2 Qd7 13. Re3 0-0-0 14. c3 Nf5 15. Rf3 e6 16. Ne3 Nh4 17. Rg3 Be7 18. b4 f5 19. Nc4 a6 20. bxc5 Qc6 21. cxd6 Bxd6 22. Nxd6+ Rxd6 23. Qxg5 Qxc3 24. Qd2 Qxa1 25. h3 Rc6 26. Kh2 Rxc1 27. Re3 Rh1+ 28. Kg3 Qd4 29. f4 Qd6 30. Qc3+ Qc7 31. Qd4 Rg1 32. Re2 Nxg2 33. Rxg2 Rxg2+ 34. Kxg2 Qc6+ 35. Kg3 Rd8 36. Qxg7 Rxd3+ 37. Kh4 Rxh3+ 38. Kxh3 Qh1+ 0-1

[Event "Piestany op"]
[Site "Piestany"]
[Date "2013.11.19"]
[Round "3"]
[White "Feranec, Milan"]
[Black "Kympergr, Vojtech"]
[Result "1-0"]
[WhiteElo "1724"]
[BlackElo "1582"]
[PlyCount "68"]
[EventDate "2013.11.18"]
[EventType "swiss"]
[EventRounds "7"]
[EventCountry "SVK"]
[SourceTitle "CBM 157 Extra"]
[Source "ChessBase"]
[SourceDate "2013.12.19"]
[SourceVersion "1"]
[SourceVersionDate "2013.12.19"]
[SourceQuality "1"]

1. Nf3 Nf6 2. b3 g6 3. Bb2 Bg7 4. d3 0-0 5. Nbd2 Nh5 6. g3 Bxb2 7. Rb1 Bc3 8. Bg2 Bxd2+ 9. Qxd2 c6 10. Qh6 f6 11. 0-0 Rf7 12. e4 Qf8 13. Qe3 d6 14. Rfe1 Bg4 15. Nd4 Qc8 16. f3 Bd7 17. c4 Ng7 18. a4 Ne6 19. Ne2 Qf8 20. d4 Na6 21. b4 Nac7 22. d5 Nd8 23. a5 Rg7 24. Nd4 Nf7 25. f4 Qc8 26. Nf3 e5 27. Rf1 Bh3 28. Rb2 Bxg2 29. Kxg2 Qd7 30. Qf2 Re8 31. Qxa7 exf4 32. Qxb7 fxg3 33. hxg3 Rxe4 34. dxc6 Qd8 1-0

[Event "Gibraltar Masters 9th"]
[Site "Caleta"]
[Date "2011.02.01"]
[Round "8"]
[White "Henrichsen, Jens"]
[Black "Kympergr, Vojtech"]
[Result "1-0"]
[WhiteElo "1925"]
[BlackElo "1631"]
[PlyCount "115"]
[EventDate "2011.01.25"]
[EventType "swiss"]
[EventRounds "10"]
[EventCountry "GGB"]
[SourceTitle "CBM 141"]
[Source "ChessBase"]
[SourceDate "2011.03.17"]
[SourceVersion "1"]
[SourceVersionDate "2011.03.17"]
[SourceQuality "1"]

1. d4 Nf6 2. Nf3 g6 3. c4 Bg7 4. Nc3 0-0 5. e4 d6 6. Be2 c5 7. 0-0 cxd4 8. Nxd4 Nbd7 9. Be3 a6 10. Qd2 Nc5 11. f3 Re8 12. Rfd1 Rb8 13. Rac1 Bd7 14. Bf1 h5 15. Nc2 Na4 16. Nxa4 Bxa4 17. b3 Bc6 18. Qf2 Kh7 19. e5 Ng8 20. exd6 exd6 21. Qd2 Re6 22. c5 d5 23. Nd4 Re8 24. Nxc6 bxc6 25. Bxa6 Rxe3 26. Qxe3 Bh6 27. f4 Ra8 28. Bb7 Rxa2 29. Bxc6 Qh4 30. Qg3 Qxf4 31. Qxf4 Bxf4 32. Bxd5 Bxc1 33. Rxc1 Kg7 34. c6 Ne7 35. c7 Nc8 36. Bb7 Nd6 37. c8Q Nxc8 38. Rxc8 Ra5 39. Rd8 Kf6 40. Rd2 Ke5 41. Bf3 Rb5 42. Rd3 h4 43. h3 f6 44. Kf2 g5 45. Ke2 f5 46. Kd2 Rb4 47. Kc3 Rf4 48. Rd5+ Ke6 49. Rd4 Rxd4 50. Kxd4 Kd6 51. b4 Kc7 52. Kc5 f4 53. b5 Kc8 54. Kc6 Kb8 55. b6 g4 56. hxg4 h3 57. gxh3 Ka8 58. Kc7# 1-0

[Event "Gibraltar Masters 9th"]
[Site "Caleta"]
[Date "2011.01.31"]
[Round "7"]
[White "Kympergr, Vojtech"]
[Black "Lochte, Szilvia"]
[Result "1/2-1/2"]
[WhiteElo "1631"]
[BlackElo "2015"]
[PlyCount "65"]
[EventDate "2011.01.25"]
[EventType "swiss"]
[EventRounds "10"]
[EventCountry "GGB"]
[SourceTitle "CBM 141"]
[Source "ChessBase"]
[SourceDate "2011.03.17"]
[SourceVersion "1"]
[SourceVersionDate "2011.03.17"]
[SourceQuality "1"]

1. e4 e6 2. d4 d5 3. e5 c5 4. c3 Nc6 5. Nf3 Bd7 6. Be3 cxd4 7. cxd4 f6 8. a3 Qc7 9. Bf4 Qb6 10. Qd2 Na5 11. Ra2 Bb5 12. Bxb5+ Qxb5 13. Nc3 Qc4 14. Qe2 Qxe2+ 15. Nxe2 Nc4 16. 0-0 fxe5 17. Nxe5 Nxe5 18. Bxe5 Nf6 19. b4 Rc8 20. Rc1 Rxc1+ 21. Nxc1 Be7 22. Rc2 Bd8 23. f3 0-0 24. Nd3 Nd7 25. Bd6 Re8 26. Nc5 Nxc5 27. bxc5 Bf6 28. Rd2 Rc8 29. Kf2 Kf7 30. Rd3 Rc6 31. Kg3 b6 32. f4 bxc5 33. Bxc5 1/2-1/2

[Event "Gibraltar Masters 8th"]
[Site "Caleta"]
[Date "2010.02.04"]
[Round "10"]
[White "Kympergr, Vojtech"]
[Black "Andersen, Niels Erik"]
[Result "0-1"]
[WhiteElo "1599"]
[BlackElo "1965"]
[PlyCount "118"]
[EventDate "2010.01.26"]
[EventType "swiss"]
[EventRounds "10"]
[EventCountry "GGB"]
[SourceTitle "CBM 134 Extra"]
[Source "ChessBase"]
[SourceDate "2010.03.03"]
[SourceVersion "1"]
[SourceVersionDate "2010.03.03"]
[SourceQuality "1"]

1. e4 c5 2. Nf3 d6 3. Bb5+ Bd7 4. Bxd7+ Qxd7 5. d4 e6 6. dxc5 dxc5 7. Qxd7+ Nxd7 8. Bf4 Ngf6 9. Nc3 a6 10. 0-0 Nh5 11. Be3 Be7 12. Rad1 h6 13. Rd2 Nb6 14. b3 0-0 15. Rfd1 Rac8 16. Ne5 Bf6 17. f4 Bd8 18. Nd7 Nxd7 19. Rxd7 Ba5 20. Ne2 Nf6 21. Rxb7 Nxe4 22. Rdd7 Rfd8 23. Ng3 Rxd7 24. Rxd7 Nf6 25. Ra7 Rc6 26. Ra8+ Kh7 27. h3 Nd5 28. Bc1 c4 29. Bb2 cxb3 30. cxb3 Nxf4 31. Be5 Nd3 32. Bb8 Bb6+ 33. Kf1 a5 34. Ra6 Nb4 35. Ra8 Rc1+ 36. Ke2 Rc2+ 37. Kf3 Rxa2 38. Bd6 Rf2+ 39. Ke4 Rxg2 40. Rb8 f5+ 41. Ke5 Rxg3 42. Rxb6 Re3+ 43. Kd4 Rxb3 44. Kc4 Rxh3 45. Be7 Re3 46. Bf8 Kg8 47. Rb8 Kf7 48. Ra8 Re4+ 49. Kb3 Nd5 50. Ka3 h5 51. Bd6 g5 52. Rf8+ Kg7 53. Ra8 h4 54. Rxa5 h3 55. Ra7+ Kg6 56. Bf8 Kh5 57. Rh7+ Kg4 58. Bd6 Nf4 59. Bb4 Kg3 0-1

[Event "Gibraltar Challengers-B 8th"]
[Site "Caleta"]
[Date "2010.02.03"]
[Round "4"]
[White "Kympergr, Vojtech"]
[Black "Chidi, Lovinia Sylvia"]
[Result "1/2-1/2"]
[WhiteElo "1599"]
[BlackElo "1832"]
[PlyCount "78"]
[EventDate "2010.01.31"]
[EventType "swiss"]
[EventRounds "5"]
[EventCountry "GGB"]
[SourceTitle "EXT 2011"]
[Source "ChessBase"]
[SourceDate "2010.11.26"]
[SourceVersion "1"]
[SourceVersionDate "2010.11.26"]
[SourceQuality "1"]

1. e4 e5 2. Nf3 Nc6 3. d4 exd4 4. Bc4 Be7 5. c3 d6 6. Qb3 Nf6 7. Bxf7+ Kf8 8. Bd5 Nxd5 9. Qxd5 Ne5 10. Nxe5 dxe5 11. Qxe5 Bf6 12. Qc5+ Qe7 13. Qxe7+ Kxe7 14. Bf4 dxc3 15. Nxc3 Bxc3+ 16. bxc3 c6 17. 0-0 Be6 18. a3 h6 19. Rab1 b5 20. Rfd1 Rhd8 21. h3 Rxd1+ 22. Rxd1 Rd8 23. Ra1 a6 24. g4 Kf7 25. Kg2 Rd3 26. Be5 h5 27. f3 g6 28. a4 hxg4 29. hxg4 Rd2+ 30. Kg3 Ra2 31. Rxa2 Bxa2 32. a5 Ke7 33. Kf4 Bb1 34. Kg5 Kf7 35. Bd4 Bd3 36. e5 Ke6 37. f4 Be4 38. Kh4 Kf7 39. Kg5 Ke6 1/2-1/2

[Event "Gibraltar Challengers-B 8th"]
[Site "Caleta"]
[Date "2010.02.02"]
[Round "3"]
[White "Cafolla, Peter"]
[Black "Kympergr, Vojtech"]
[Result "1-0"]
[WhiteElo "2042"]
[BlackElo "1599"]
[PlyCount "41"]
[EventDate "2010.01.31"]
[EventType "swiss"]
[EventRounds "5"]
[EventCountry "GGB"]
[SourceTitle "EXT 2011"]
[Source "ChessBase"]
[SourceDate "2010.11.26"]
[SourceVersion "1"]
[SourceVersionDate "2010.11.26"]
[SourceQuality "1"]

1. d4 Nf6 2. c4 g6 3. Nc3 Bg7 4. e4 d6 5. Be2 0-0 6. Nf3 c5 7. d5 Nbd7 8. 0-0 a6 9. Qc2 Nb6 10. Nd2 Bg4 11. Bxg4 Nxg4 12. Rb1 Ne5 13. b3 f5 14. exf5 Rxf5 15. f4 Ng4 16. Nf3 Ne3 17. Bxe3 Qf8 18. Ne2 Re8 19. Ng3 Rf7 20. Ng5 Rf6 21. N3e4 1-0

[Event "Gibraltar Masters 8th"]
[Site "Caleta"]
[Date "2010.02.02"]
[Round "8"]
[White "Dasaolu, Adeoye"]
[Black "Kympergr, Vojtech"]
[Result "1-0"]
[WhiteElo "2068"]
[BlackElo "1599"]
[PlyCount "81"]
[EventDate "2010.01.26"]
[EventType "swiss"]
[EventRounds "10"]
[EventCountry "GGB"]
[SourceTitle "CBM 134 Extra"]
[Source "ChessBase"]
[SourceDate "2010.03.03"]
[SourceVersion "1"]
[SourceVersionDate "2010.03.03"]
[SourceQuality "1"]

1. e4 e5 2. Nf3 Nc6 3. Bb5 a6 4. Ba4 Nf6 5. 0-0 b5 6. Bb3 Be7 7. Re1 0-0 8. c3 d5 9. exd5 Nxd5 10. d3 Bg4 11. h3 Bh5 12. g4 Bg6 13. Nxe5 Nxe5 14. Rxe5 c6 15. Qf3 Bd6 16. Re1 Rc8 17. d4 a5 18. a4 b4 19. Nd2 bxc3 20. bxc3 Nf4 21. Ne4 Bxe4 22. Rxe4 Ng6 23. Bd2 Nh4 24. Qe2 Qf6 25. f4 Rb8 26. Bc4 Rb2 27. Rf1 Ng6 28. Qe3 Rfb8 29. f5 Nf8 30. g5 Qd8 31. g6 hxg6 32. fxg6 Nxg6 33. Bxf7+ Kh7 34. Qf3 Nf4 35. Bxf4 Bxf4 36. Qxf4 Qf6 37. Qg3 Qxf1+ 38. Kxf1 Rb1+ 39. Re1 Rxe1+ 40. Kxe1 Rb1+ 41. Kd2 1-0